000 00400nam a2200181Ia 4500
001 899
005 20260306140552.0
008 260306t1988||||xx |||||||||||||| ||spa||
041 _aESP
082 _a172
_bT48
100 _aThomas, Hans
_eAUT
245 0 _aEthik der leistung
260 _c1988
300 _a319 páginas :
_c19 cm.
650 _aGEN
654 _aCHU
942 _cLIB
_dJUS
_fJUS
_2ddc
_n
999 _c899
_d899